| 000 | 00646nam a2200229 a 4500 | ||
|---|---|---|---|
| 001 | 63868 | ||
| 003 | BD-RjUL | ||
| 005 | 20211209081238.0 | ||
| 008 | 170204s1967 fr 00000 fre d | ||
| 035 | _a(BD-RjUL)63998 | ||
| 035 | _a1209970 | ||
| 040 |
_aANL _beng _dANL _cBD-RjUL |
||
| 041 | _aeng | ||
| 082 |
_a297 _bLAM 1967 _223 |
||
| 245 | 1 | 2 |
_aL'ambivalence dans la culture Arabe / _cpar Pierre Alexandre ... [et al.]. |
| 260 |
_aParis : _bAnthropos, _cc1967 |
||
| 300 |
_a473 p. ; _c23 cm. |
||
| 650 | 0 |
_aIslamic civilization. _9176041 |
|
| 650 | 0 |
_aAmbivalence. _9189632 |
|
| 700 | 1 |
_aAlexandre, Pierre, _d1922- _9189633 |
|
| 942 |
_2ddc _cBK |
||
| 999 |
_c63868 _d63868 |
||